000 00681nam a22002057a 4500
999 _c167763
_d167763
005 20190918161748.0
010 _aB-217343
020 _a8189750054
035 _aB-217343
037 _bChildren's books trust
082 _aS
_bFIF
100 _aMenon,Geeta
245 _a15 sports stories/
_cedited by Geeta Menon; illustrated by Subir Roy
260 _aNew Delhi
_bChildren's books trust
_c2006
270 _aNehru House, 4 Bahadur Shah Zafar Marg, NewDelhi-110002
300 _a96p.
_bill.
_c22c.m.(hbk)
700 _aMenon,Geeta
942 _2ddc
_cEN
_hS
_mFIF